La sabiduría sin promesa: vidas y letras del siglo XX

Wedi'i Gadw mewn:
Manylion Llyfryddiaeth
Prif Awdur: Domínguez Michael, Christopher (Awdur)
Fformat: Llyfr
Iaith:Sbaeneg
Cyhoeddwyd: Santiago Universidad Diego Portales 2009
Rhifyn:1a. ed
Pynciau:
Tagiau: Ychwanegu Tag
Dim Tagiau, Byddwch y cyntaf i dagio'r cofnod hwn!

MARC

LEADER 00000cam a2200000 a 4500
001 UCG8677
003 CL-VaPUC
008 111223e20090700CL |||||||||||||||||spa|d
020 |a 9789563140583 
082 0 4 |a Me864  |b DOM  |2 21 
100 0 |a Domínguez Michael, Christopher  |e author  |9 559792 
245 1 3 |a La sabiduría sin promesa: vidas y letras del siglo XX 
250 |a 1a. ed 
300 |a 435 p 
942 |c BK 
945 |d 20111223 00:00:00  |a dcastane 
260 |a Santiago  |b Universidad Diego Portales  |c 2009 
650 0 |a Literatura mexicana  |9 313097 
650 7 |a ENSAYOS MEXICANOS  |2 CL-VaPUC  |9 315571 
583 |a last modification  |c 20111223 12:06:00  |k Rodrigo Vera 
999 |c 346277  |d 346275 
952 |0 0  |1 0  |4 0  |6 ME_864_000000000000000_DOM_2009  |7 0  |8 A  |9 446921  |a BIBART  |b BIBART  |d 2019-11-22  |i 4817958  |o Me864 DOM 2009  |p 4817958  |r 2025-03-13  |w 2019-11-22  |y BK  |k ART